Ο θάνατος της οικογένειας

Αποθηκεύτηκε σε:
Λεπτομέρειες βιβλιογραφικής εγγραφής
Κύριος συγγραφέας: Cooper, D. G. (David Graham), 1931-1986
Άλλοι συγγραφείς: Τσαμαδού, Χρύσα (trlf)
Μορφή: Βιβλίο
Γλώσσα:Greek
English
Δημοσίευση: Αθήνα : Καστανιώτης, 1976.
Σειρά:Βιβλιοθήκη κοινωνικής ψυχολογίας
Θέματα:
Ετικέτες: Προσθήκη ετικέτας
Δεν υπάρχουν, Καταχωρήστε ετικέτα πρώτοι!

MARC

LEADER 00000cam a2200000 i 4500
001 1/85057
008 961031s1976 gr | ||| |||| ||gre||
035 |l 10006175 
040 |a GR-MyUA  |b gre  |e AACR2 
041 1 |a gre  |h eng 
082 0 |a 306.8 
100 1 |a Cooper, D. G.   |q (David Graham),   |d 1931-1986. 
245 1 2 |a Ο θάνατος της οικογένειας /   |c Ντείβιντ Κούπερ ; μετάφραση Χρύσα Τσαμαδού.  
260 |a Αθήνα :   |b Καστανιώτης,   |c 1976.  
300 |a 160 σ.  
490 1 |a (Βιβλιοθήκη κοινωνικής ψυχολογίας)  
650 0 0 |a Family. 
650 0 0 |a Mentally ill  |x Family relationships. 
650 0 0 |a Social psychology. 
700 1 |a Τσαμαδού, Χρύσα,  |e trlf 
765 0 8 |i Μετάφραση του:   |t The death of the family 
830 0 |a Βιβλιοθήκη κοινωνικής ψυχολογίας 
852 |a INST  |b LESVOS  |e 19961031  |h 306.8 COO  |p 005100012692  |q 005100012692  |t BK  |y 0 
852 |a INST  |b RHODES  |c KRI  |e 20050721  |h  306.8 COO  |p 005400028170  |q 005400028170  |t BK  |y 0 
901 |a BIBL4-2005-2 
909 |a Λ  |b 008804 
909 |a Ρ  |b 121952 
970 |a ΚΟΖΑ  |b ΜΑΡΙΑ  |z 2005/07/21